Los diarios secretos del Che
Gardado en:
| Autor Principal: | |
|---|---|
| Formato: | Libro |
| Idioma: | Lingua castelá |
| Publicado: |
Santiago
Araucaria
1984
|
| Series: | Libros de Hoy, 1. Serie Historia
|
| Subjects: | |
| Tags: |
Engadir etiqueta
Sen Etiquetas, Sexa o primeiro en etiquetar este rexistro!
|
MARC
| LEADER | 00000nam a2200000 a 4500 | ||
|---|---|---|---|
| 001 | UCZ6389 | ||
| 003 | CL-VaPUC | ||
| 008 | 951211e19840000CL |||||||||||||||||spa|d | ||
| 082 | 0 | 4 | |a 982 |b SAN |2 21 |
| 100 | 0 | |a Santibáñez, Abraham |e author |9 481920 | |
| 245 | 1 | 4 | |a Los diarios secretos del Che |
| 300 | |a 95 p | ||
| 942 | |c BK | ||
| 945 | |d 19951211 00:00:00 |a rleighto | ||
| 260 | |a Santiago |b Araucaria |c 1984 | ||
| 600 | 0 | 7 | |a GUEVARA, ERNESTO |2 CL-VaPUC |9 324868 |
| 650 | 0 | |a Historia |9 255047 | |
| 651 | 0 | |a Argentina |9 254888 | |
| 583 | |a last modification |c 19951211 00:00:00 |k Rodrigo Vera | ||
| 490 | 0 | |a Libros de Hoy, 1. Serie Historia | |
| 999 | |c 307241 |d 307239 | ||
| 952 | |0 0 |1 0 |4 0 |6 982_000000000000000_SAN_1984 |7 0 |8 A |9 373010 |a BIBEDU |b BIBEDU |d 2019-11-21 |i 3159833 |o 982 SAN 1984 |p 3159833 |r 2019-11-21 |w 2019-11-21 |y BK |k LIT | ||